| 000 | 01252nam a2200277 i 4500 | ||
|---|---|---|---|
| 001 | 67454 | ||
| 003 | ES-MaACL | ||
| 005 | 20230906170056.0 | ||
| 007 | t| | ||
| 008 | 040526s2003 sp ||||0| spa d | ||
| 020 | _a84-7786-852-2 | ||
| 040 |
_aM-BN _bspa _cM-BN |
||
| 080 | _a929 Larrea, Francisca de (063) | ||
| 080 | _a821.134.2 Larrea, Francisca de 1.07(063) | ||
| 080 | _a821.134.2.09"18"(063) | ||
| 245 | 0 | 0 |
_aFrasquita Larrea y Aherán: europeas y españolas entre la Ilustración y el Romanticismo / _cGloria Espigado Tocino y María José de la Pascua Sánchez (eds.). |
| 260 |
_a[Cádiz] : _bServicio de Publicaciones de la Universidad de Cádiz ; _a[El Puerto de Santa María] : _bAyuntamiento de El Puerto de Santa María, _c2003. |
||
| 300 |
_a412 p. : _bil. ; _c24 cm. |
||
| 500 | _aRecoge las ponencias del congreso celebrado los días, 23, 24 y 25 de noviembre de 2000. | ||
| 504 | _aIncluye referencias bibliográficas. | ||
| 600 | 1 | 4 |
_aLarrea, Francisca de- _vCongresos y asambleas. _970332 |
| 650 | 1 | 4 |
_aLiteratura española- _xAutoras- _yS.XIX- _vCongresos y asambleas. _914544 |
| 700 | 1 |
_aEspigado Tocino, Gloria. _947822 |
|
| 700 | 1 |
_aPascua Sánchez, María José de la. _989337 |
|
| 852 |
_aES-MaACL _jL-27641 _bR.133340 |
||
| 999 |
_c67454 _d67454 |
||